| 000 | 00701nam a2200289Ia 4500 | ||
|---|---|---|---|
| 005 | 20260324134548.0 | ||
| 008 | 008 260324s9999 xx 000 0 eng d | ||
| 020 | _a9780203727690 | ||
| 037 | _aEBOOK | ||
| 040 | _aCRL | ||
| 040 | _beng | ||
| 040 | _cCRL | ||
| 041 | _2eng | ||
| 041 | _aeng | ||
| 084 | _qCRL | ||
| 100 |
_aRichard Velleman; Jim Orford _91197290 |
||
| 245 | 0 | _aRisk and Resilience | |
| 245 | 0 | _bAdults Who Were the Children of Problem Drinkers | |
| 260 | _bTaylor and Francis | ||
| 260 | _c2001 | ||
| 365 | _a | ||
| 365 | _b220 | ||
| 856 | _uhttp://www.taylorfrancis.com/books/9780203727690 | ||
| 942 | _cEBOOK | ||
| 999 |
_c1797512 _d1797512 |
||